Food Process Engineering: Theory and Laboratory Experiments (Record no. 13817)
[ view plain ]
| 000 -LEADER | |
|---|---|
| fixed length control field | 00317nam a22001217a 4500 |
| 020 ## - INTERNATIONAL STANDARD BOOK NUMBER | |
| ISBN | 9788189729943 |
| 082 ## - DEWEY DECIMAL CLASSIFICATION NUMBER | |
| Classification number | 664.02 |
| Item number | KAV/FO |
| 100 ## - MAIN ENTRY--AUTHOR NAME | |
| Personal name | Kavita Marwaha |
| 245 ## - TITLE STATEMENT | |
| Title | Food Process Engineering: Theory and Laboratory Experiments |
| 260 ## - PUBLICATION, DISTRIBUTION, ETC. (IMPRINT) | |
| Place of publication | New Delhi |
| Name of publisher | Gene-Tech Books |
| Year of publication | 2010 |
| 300 ## - PHYSICAL DESCRIPTION | |
| Number of Pages | 272 |
| 942 ## - ADDED ENTRY ELEMENTS (KOHA) | |
| Koha item type | Books |
| Withdrawn status | Lost status | Damaged status | Collection code | Home library | Current library | Shelving location | Date acquired | Source of acquisition | Cost, normal purchase price | Full call number | Accession Number | Koha item type |
|---|---|---|---|---|---|---|---|---|---|---|---|---|
| Non-fiction | KAUAET | KAUAET | General Stacks | 31/03/2012 | Southern Book Star, Thiruvananthapuram | 800.00 | 664.024 MAR/FO | 23383 | Books | |||
| Non-fiction | KAUAET | KAUAET | General Stacks | 30/03/2013 | Neoti Book Agency | 800.00 | 664.024 MAR/FO | 23852 | Books | |||
| Non-fiction | KAUAET | KAUAET | General Stacks | 30/03/2013 | Neoti Book Agency | 800.00 | 664.024 MAR/FO | 23851 | Books | |||
| KAUAET | KAUAET | General Stacks | 13/06/2016 | Universal Research Books, Thrissur | 800.00 | 664.024 MAR/FO | 24287 | Books |
